00498nam a22001577a 450000500170000000800410001702000230005804100080008108200160008910000670010524500660017225000170023826000540025530000100030965000210031920251128115151.0251125b |||||||| |||| 00| 0 eng d a978-81-196313-64-9 aeng a615.3 DAS-T aDAS, DR. SUDIPTA. 2-GHOSE, BAISHALI. 3-DAS, SAWAN. 4-DEY, RIMI aTEXTBOOK OF INDUSTRIAL PHARMACY - I : For B PHARMA [ 5th sem] a1st ed. 2024 anew delhibinnovative publications pvt ltd c2024 a196;p aPharmacyxPHARMA